Green Day- Sassafras Roots Lyrics - Statistics

General Stats
  • This quiz has been taken 11 times
  • The average score is 76 of 104
Answer Stats
Answer % Correct
a
90%
be
90%
I
90%
me
90%
So
90%
to
90%
to,
90%
When
90%
you
90%
are
80%
could
80%
time
80%
time?
80%
too?
80%
wasting
80%
with
80%
With
80%
your
80%
alone
70%
do
70%
May
70%
waste
70%
Well,
70%
why
70%
cigarettes,
60%
else
60%
I'm
60%
just
60%
like
60%
No
60%
nothing
60%
'round
60%
Smoking
60%
house,
50%
Roaming
50%
parasite,
40%
obligation,
30%
Applying
10%
myself
10%
off
10%
regrets,
10%
Warding
10%
No matching quizzes found
Score Distribution
Percent of People with Each Score
Percentile by Number Answered
Your Score History
You have not taken this quiz